000 004230000a22001570004500
001 002781
003 MACL
040 _aMACL
090 _c14774
_d14773
100 _aBhattacharjee, Nirman Kanti
245 _aGranthana
_bIndian Journal of Library Studies
_cNirman Kanti Bhattacharjee
260 _aIndian Journal of Library Sciences,
_c2005
350 _a300
650 _aLibrary & Information Science
942 _k20
_cBook
999 _c14690
_d14690